000 00396nam a2200133Ia 4500
008 231129s9999||||xx |||||||||||||| ||spa||
020 _a968-880-582-3
040 _bspa
082 _a(EN PROCESO DE DESCARTE) 004.6 W838m
100 _aWodaski Ron
245 0 _aMultimedia para todos
264 _aMéxico: Prentice-Hall Hispanoamericana
942 _2ddc
_cBKS
999 _c21485
_d21485